Rostros de la historia: veintiún historiadores para el siglo XXI

Saved in:
Bibliografiske detaljer
Hovedforfatter: Ruiz-Domènec, José Enrique (Author)
Format: Bog
Sprog:spansk
Udgivet: Barcelona Península 2000
Serier:Atalaya, 45
Fag:
Tags: Tilføj Tag
Ingen Tags, Vær først til at tagge denne postø!

MARC

LEADER 00000nam a2200000 a 4500
001 UCO6987
003 CL-VaPUC
008 001103e20000000SP |||||||||||||||||spa|d
082 0 4 |a 907.2  |b RUI  |2 21 
100 0 |a Ruiz-Domènec, José Enrique  |e author  |9 451619 
245 1 0 |a Rostros de la historia: veintiún historiadores para el siglo XXI 
300 |a 378 p 
942 |c BK 
945 |d 20001103 00:00:00  |a vberengu 
260 |a Barcelona  |b Península  |c 2000 
650 0 |a Filosofía de la historia  |9 265651 
650 0 |a Historiadores  |9 314498 
650 0 |a Historiografía   |9 257871 
583 |a last modification  |c 20001103 00:00:00  |k Rodrigo Vera 
490 0 |a Atalaya, 45 
999 |c 292220  |d 292218 
952 |0 0  |1 0  |4 0  |6 907_200000000000000_RUI_2000  |7 0  |8 A  |9 342919  |a BIBHIS  |b BIBHIS  |d 2019-11-20  |i 366449K  |o 907.2 RUI 2000  |p 366449K  |r 2025-01-20  |w 2019-11-20  |y BK  |k HIS